000 01400nam a22003857a 4500
003 CHAP
005 20220817042132.0
008 971013s1972 r 00010 d
010 _a35726
011 _a36698
035 _a40817
040 _cCHAP
082 _a632.95
_bO7
110 _aOrganismo Internacional de Energía Atómica
_983512
245 _aRadiotracer studies of chemical residues in food and agriculture ; proceedings of a combined panel...
260 _aVienna :
_bOIEA,
_c1972
300 _a166 p.
_b: ilus.
490 _aPanel proceedings series
590 _aBATCH-UPD
_b10
_c20130110
_lUCH01
_h0020
590 _aBATCH-UPD
_b10
_c20130110
_lUCH01
_h1445
590 _aBATCH-UPD
_b10
_c20130410
_lUCH01
_h0915
590 _aBATCH-UPD
_b10
_c20130914
_lUCH01
_h0132
590 _aCONVERSION
_b10
_c20130109
_lUCH01
_h1320
650 1 4 _aAlimentos
_xContaminación.
_94205
650 1 4 _aCultivos
_xContaminación por insecticidas.
_930246
650 1 4 _aInsecticidas
_xResiduos.
_958880
650 1 4 _aResíduos químicos
_xEfecto en cultivos.
_996151
710 0 _aFAO.
830 0 _aPanel proceedings series
_985079
901 _aBK
942 _cLIBRO
949 _a632.95 O7
_bBC
_cLIBRO
_d-93269
_eLIBRO
_fc.3
_h31312
_i40817
_si
949 _a632.95 O7
_bBC
_cLIBRO
_d33724000185955
_eLIBRO
_h28751
_i40817
_si
949 _a632.95 O7
_bBC
_cLIBRO
_d33724000185963
_eLIBRO
_fc.2
_h28755
_i40817
_si
999 _c35726
_d35726